000 01200nam a22003737a 4500
001 BR9704715
003 BR-BrBNA
005 20230928095738.0
007 ta
008 230509b bl.||||| |||| 00| 0 por d
040 _aBR-BrBNA
_bpor
_cBiblioteca Nacional de Agricultura
041 _a(Por)
072 _aF30
090 _ F30 BR9704715
100 1 _aVeiga, R.F. de A.
100 1 _aBovi, M.L.A.
100 1 _aBetti, J.A.
100 1 _aVoltan, R.B.Q.
110 1 _aInstituto Agronomico, Campinas, SP (Brasil)
110 1 _aCentro Nacional de Pesquisa de Recursos Geneticos e Biotecnologia, Brasilia, DF (Brasil)
_91797
111 1 _a1. Simposio Latino-Americano de Recursos Geneticos Vegetais
_cCampinas, SP (Brazil)
_d18-22 Aug 1997
245 1 _a1. Simposio Latino-Americano de Recursos Geneticos Vegetais; programa e resumos
260 3 _aCampinas, SP (Brasil):
_c1997.
300 _a100 p.
500 _aSummary Only
650 _aGermoplasma
650 _aInspecao Sanitaria
650 _aMelhoramento Genetico Vegetal
650 _aComportamento de Variedade
650 _aBiogeografia
650 _aClone
909 _a202309
_bLucia
_c55
_dLucia Elande
942 _cBK
999 _c58421
_d58421